000 00229nam a2200097Ia 4500
008 231212s2001 xx 000 0 und d
041 _aeng
100 _aSedha R.S.
245 _aApllied Electronics
260 _aPune
_bS.Chand
_c2001
999 _c967635
_d967635